000 00455nam a2200169Ia 4500
003 GCL
008 140319s9999 xx 000 0 ara d
040 _aGCL /
_cGCL
082 0 4 _aد
_b050
100 1 _aاحمد سويلم
245 1 0 _aاطفالنا فى عيون الشعراء (اقرا 517 ) /
_cاحمد سويلم
300 _a238
490 _aاقرأ
_v0
650 0 4 _aالشعر العربى
650 0 4 _aالاطفال
942 _2ddc
_cBK
999 _c49069
_d49069